Študenti NHF EU súťažili v ŠVOČ

Saved in:
Bibliographic Details
Main Author: Gonda, Vladimír
Other Authors: Hudák, Dušan
Format: Book Chapter
Language:Slovak
Tags: Add Tag
No Tags, Be the first to tag this record!

MARC

LEADER 00000naa$a2200000$$$4500
001 0057224
005 20240502071638.3
041 0 |a slo 
044 |a SK 
245 1 0 |a Študenti NHF EU súťažili v ŠVOČ  |c Vladimír Gonda, Dušan Hudák 
100 1 |a Gonda, Vladimír 
700 1 |a Hudák, Dušan